| 000 | 00839nam a22001817a 4500 | ||
|---|---|---|---|
| 008 | 110824s1994 ua|||||| || 00| 0 ara | ||
| 082 |
_222 _a327.12 _bهـ ا ن |
||
| 100 | 1 |
_926898 _aهانى ، أحمد |
|
| 245 |
_aالجاسوسية بين الوقاية والعلاج / _cأحمد هانى |
||
| 260 |
_a[القاهرة] : _bطباعة الشركة المتحدة للنشر والتوزيع ، _c[1994]. |
||
| 300 |
_a301 ص : _bصور ؛ _c24 سم. |
||
| 504 | _aيشتمل على إرجاعات ببليوجرافية 291 - 296 | ||
| 650 | 0 |
_926900 _aالجاسوسية |
|
| 650 | 0 |
_926901 _aمكافحة الجاسوسية |
|
| 653 |
_bGeneral _cAugust2011 |
||
| 942 |
_2ddc _cBB |
||
| 999 |
_c15914 _d15914 |
||